Un pintor de Alejandría / (Record no. 188902)

MARC details
000 -LEADER
campo de control de longitud fija 00746nam a2200229 i 4500
001 - NÚMERO DE CONTROL
campo de control 188902
003 - IDENTIFICADOR DE NÚMERO DE CONTROL
campo de control SpMaBN
005 - FECHA Y HORA DE LA ÚLTIMA TRANSACCIÓN
campo de control 20250821070533.0
008 - DATOS DE LONGITUD FIJA--INFORMACIÓN GENERAL
campo de control de longitud fija 190222s2010 sp |||| | spa d
020 ## - NÚMERO INTERNACIONAL ESTÁNDAR DEL LIBRO
Número Internacional Estándar del Libro 978-84-9920-039-2
080 ## - NÚMERO DE LA CLASIFICACIÓN DECIMAL UNIVERSAL
Número de la Clasificación Decimal Universal 821.134.2-31"19"
100 1# - ENTRADA PRINCIPAL--NOMBRE DE PERSONA
Nombre de persona Jiménez Lozano, José.
9 (RLIN) 66552
245 13 - MENCIÓN DEL TÍTULO
Título Un pintor de Alejandría /
Mención de responsabilidad, etc. José Jiménez Lozano.
260 ## - PUBLICACIÓN, DISTRIBUCIÓN, ETC.
Lugar de publicación, distribución, etc. Madrid :
Nombre del editor, distribuidor, etc. Encuentro,
Fecha de publicación, distribución, etc. [2010]
300 ## - DESCRIPCIÓN FÍSICA
Extensión 125 p. ;
Dimensiones 22 cm.
490 1# - MENCIÓN DE SERIE
Mención de serie Literatura ;
Designación de volumen o secuencia 73
830 0# - PUNTO DE ACCESO ADICIONAL DE SERIE-TÍTULO UNIFORME
Título uniforme Literatura ;
Designación de volumen o secuencia 73
9 (RLIN) 177860
852 ## - LOCALIZACIÓN
Ubicación ES-MaACL
Número de control de estantería A-14401
Nota libre - Enc. cart.
itemnumber 196036
Sublocalización o colección R.151625
Ubicación en estantería Depósito 1
Signatura antigua Olim: N-7401
Donativo/Legado Donación: Manuel Spinola
903 ## - NOMBRE PERSONAL DE DONANTE
a Spínola, Manuel,
d 1948-
e Donante
9 161019
942 ## - ELEMENTOS DE ENTRADA SECUNDARIOS (KOHA)
Fuente del sistema de clasificación o colocación Clasificación decimal universal
Tipo de ítem Koha Libro impreso
Holdings
Estatus retirado Estado de pérdida Fuente del sistema de clasificación o colocación Estado de daño No para préstamo Biblioteca de origen Biblioteca actual Ubicación en estantería Fecha de adquisición Fuente de adquisición Total de préstamos Signatura topográfica completa Código de barras Visto por última vez Precio de reemplazo Tipo de ítem Koha
    Clasificación decimal universal     Biblioteca del Ateneo de Madrid Biblioteca del Ateneo de Madrid Depósito 1 22/02/2019 Donación   A-14401 1200051 23/02/2023 23/02/2023 Libro impreso